<?xml version="1.0" encoding="UTF-8"?>
<record
    xmlns:xsi="http://www.w3.org/2001/XMLSchema-instance"
    xsi:schemaLocation="http://www.loc.gov/MARC21/slim http://www.loc.gov/standards/marcxml/schema/MARC21slim.xsd"
    xmlns="http://www.loc.gov/MARC21/slim">

  <leader>00475nam a22001457a 4500</leader>
  <controlfield tag="003">OSt</controlfield>
  <controlfield tag="005">20240415095001.0</controlfield>
  <controlfield tag="008">240415b        |||||||| |||| 00| 0 eng d</controlfield>
  <datafield tag="040" ind1=" " ind2=" ">
    <subfield code="c">MRSPTU</subfield>
  </datafield>
  <datafield tag="100" ind1=" " ind2=" ">
    <subfield code="a">Ou Yakut (&#xA13; &#xA2F;&#xA3E;&#xA15;&#xA42;&#xA24;)</subfield>
  </datafield>
  <datafield tag="245" ind1=" " ind2=" ">
    <subfield code="a">Aflatun To Lalin Tak Falsafe Da Ityas (&#xA05;&#xA2B;&#xA3C;&#xA32;&#xA3E;&#xA24;&#xA42;&#xA28; &#xA24;&#xA4B;&#xA02; &#xA32;&#xA48;&#xA32;&#xA3F;&#xA28; &#xA24;&#xA15; &#xA2B;&#xA3C;&#xA32;&#xA38;&#xA2B;&#xA3C;&#xA47; &#xA26;&#xA3E; &#xA07;&#xA24;&#xA3F;&#xA39;&#xA3E;&#xA38;)</subfield>
  </datafield>
  <datafield tag="260" ind1=" " ind2=" ">
    <subfield code="a">Punjab</subfield>
    <subfield code="b">Punjab Book Center</subfield>
  </datafield>
  <datafield tag="300" ind1=" " ind2=" ">
    <subfield code="a">351</subfield>
  </datafield>
  <datafield tag="942" ind1=" " ind2=" ">
    <subfield code="2">ddc</subfield>
    <subfield code="c">BK</subfield>
    <subfield code="n">0</subfield>
  </datafield>
  <datafield tag="952" ind1=" " ind2=" ">
    <subfield code="0">0</subfield>
    <subfield code="1">0</subfield>
    <subfield code="2">ddc</subfield>
    <subfield code="4">0</subfield>
    <subfield code="7">0</subfield>
    <subfield code="8">BK</subfield>
    <subfield code="a">MCL</subfield>
    <subfield code="b">MCL</subfield>
    <subfield code="d">2024-04-15</subfield>
    <subfield code="l">1</subfield>
    <subfield code="p">G-190</subfield>
    <subfield code="r">2025-03-26 12:02:09</subfield>
    <subfield code="s">2025-03-07</subfield>
    <subfield code="w">2024-04-15</subfield>
    <subfield code="y">BK</subfield>
  </datafield>
  <datafield tag="999" ind1=" " ind2=" ">
    <subfield code="c">10023</subfield>
    <subfield code="d">10023</subfield>
  </datafield>
</record>
